Estadios de equipos españoles - Estadísticas

Estadísticas generales
  • Esta prueba ha sido intentada 100 veces
  • La puntuación promedio es 26 de 42
Estadísticas de respuestas
Hint Respuesta % Correcto
FC Barcelona Spotify Camp Nou / Stadi Olimpic Lluis Companys
100%
Real Madrid Santiago Bernabeu
99%
Atlético de Madrid Riyadh Air Metropolitano
98%
Athletic Club San Mamés
94%
Real Betis Balompié Benito Villamarín
92%
Valencia CF Mestalla
92%
Villarreal CF La Cerámica
87%
Sevilla FC Ramon Sánchez-Pizjuán
87%
Celta de Vigo Abanca Balaídos
86%
Rayo Vallecano Vallecas
86%
Real Sociedad Reale arena
84%
CA Osasuna El Sadar
82%
Getafe CF Coliseum
75%
Malaga CF La Rosaleda
72%
Real Valladolid José Zorrilla
71%
Real Zaragoza La Romareda
71%
Girona FC Montilivi
70%
Alavés Mendizorroza
67%
Deportivo de La Coruña Abanca Riazor
66%
Real Oviedo Carlos Tartiere
66%
RCD Espanyol RCDE Stadium
65%
Real Racing Club El Sardinero
64%
Leganés Butarque
63%
Cadiz CF Nuevo Mirandilla
63%
Real Sporting de GIjón El Molinón
61%
Granada CF Nuevos Los Cármenes
57%
UD Las Palmas Gran Canaria
54%
UD Levante Ciutat de Valéncia
52%
Elche CF Manuel Martínez Valero
52%
Córdoba CF El Arcángel
51%
SD Eibar Ipurua
49%
FC Cartagena Cartagonova
48%
CD Tenerife Heliodoro Rodríguez López
39%
CD Castellón Castalia
37%
Burgos CF El Plantío
37%
UD Almeria Power Horse Stadium / Juegos del Mediterráneo
35%
SD Huesca El Alcoraz
33%
CD Mirandés Anduva
31%
Albacete Balompié Carlos Belmonte
31%
Racing Club de Ferrol A Malata
28%
RCD Mallorca San Moix
28%
CD Eldense Nuevo Pepico Amat
23%
No se encontraron pruebas coincidentes
Distribución de puntuación
Porcentaje de gente con cada puntuación
Porcentaje por número respondido
Historial de tus puntuaciones
No has intentado esta prueba.